[Event "IECG CP.2000.P.00039"]
[Site "IECG email"]
[Date "2000.10.01"]
[Round "?"]
[White "Vishin, Yuri"]
[Black "Bopp, Thomas"]
[Result "0-1"]
[WhiteElo "2000"]
[BlackElo "1197"]
[PlyCount "76"]
[EventDate "2000.10.01"]
[EventType "tourn (corr)"]
[EventRounds "6"]
[EventCountry "USA"]
[SourceTitle "Corr 2008"]
[Source "ChessBase"]
[SourceDate "2008.06.24"]
[SourceVersion "1"]
[SourceVersionDate "2008.06.24"]
[SourceQuality "1"]

1. c4 e5 2. Nc3 Nf6 3. Nf3 Nc6 4. d4 e4 5. Nd2 Bb4 6. e3 Bxc3 7. bxc3 Qe7 8. Be2 0-0 9. 0-0 d6 10. f3 exf3 11. Nxf3 Bf5 12. Nh4 Be4 13. Nf5 Bxf5 14. Rxf5 Ne4 15. Bd3 Rae8 16. Qc2 b6 17. a4 Na5 18. Rf4 f5 19. Bb2 Qe6 20. Qe2 c6 21. Raf1 g6 22. g4 Ng5 23. Kh1 Nh3 24. R4f3 fxg4 25. Rxf8+ Rxf8 26. Bc1 Rxf1+ 27. Qxf1 Nb3 28. Kg2 c5 29. e4 Nxc1 30. Qxc1 Qf6 31. Qe3 Qf4 32. Qe2 Qg5 33. Qf1 Qd2+ 34. Be2 h5 35. dxc5 Qe3 36. Bd3 Nf4+ 37. Kh1 Nxd3 38. cxb6 Nf2+ 0-1

[Event "IECG CP.2000.P.00039"]
[Site "IECG email"]
[Date "2000.10.01"]
[Round "?"]
[White "Vishin, Yuri"]
[Black "Keber, Ernst"]
[Result "1/2-1/2"]
[WhiteElo "2000"]
[BlackElo "1118"]
[PlyCount "44"]
[EventDate "2000.10.01"]
[EventType "tourn (corr)"]
[EventRounds "6"]
[EventCountry "USA"]
[SourceTitle "Corr 2008"]
[Source "ChessBase"]
[SourceDate "2008.06.24"]
[SourceVersion "1"]
[SourceVersionDate "2008.06.24"]
[SourceQuality "1"]

1. e4 c5 2. Nf3 Nc6 3. d4 cxd4 4. Nxd4 Nf6 5. Nc3 e6 6. Ndb5 d6 7. Bf4 e5 8. Bg5 a6 9. Na3 Be7 10. Bxf6 Bxf6 11. Nc4 Be7 12. Nd5 Be6 13. Nxe7 Kxe7 14. c3 d5 15. exd5 Qxd5 16. Qc2 Rad8 17. Ne3 Qa5 18. Bd3 Rhe8 19. 0-0 Kf8 20. Nc4 Qc7 21. a4 e4 22. Be2 Bxc4 1/2-1/2

[Event "IECG C1.1999.0.00251"]
[Site "IECG email"]
[Date "1999.12.23"]
[Round "?"]
[White "Scholbach, Tillmann"]
[Black "Vishin, Yuri"]
[Result "1-0"]
[WhiteElo "1961"]
[BlackElo "2000"]
[PlyCount "79"]
[EventDate "1999.12.30"]
[EventType "tourn (corr)"]
[EventRounds "6"]
[SourceTitle "Corr 2008"]
[Source "ChessBase"]
[SourceDate "2008.06.24"]
[SourceVersion "1"]
[SourceVersionDate "2008.06.24"]
[SourceQuality "1"]

1. c4 Nf6 2. Nc3 e6 3. g3 d5 4. d4 Be7 5. Nf3 c6 6. Bg2 0-0 7. 0-0 Nbd7 8. b3 b6 9. Bb2 Bb7 10. Qd3 Rc8 11. Rad1 Qc7 12. cxd5 cxd5 13. Rc1 Qb8 14. Rc2 Rc6 15. Rfc1 Rfc8 16. a3 a6 17. Nd2 R8c7 18. e4 Qf8 19. e5 Ne8 20. b4 b5 21. Nb3 Bd8 22. f4 g6 23. g4 Ng7 24. Na5 Rb6 25. Ne2 Rxc2 26. Qxc2 Qe7 27. Ng3 Nb8 28. f5 Qd7 29. f6 Ne8 30. g5 Nc6 31. Ne4 Ba8 32. Nc5 Qa7 33. Nxc6 Bxc6 34. Qf2 Bb7 35. Qh4 h5 36. gxh6 Kh7 37. Nd7 Ba8 38. Nf8+ Kh8 39. Nxg6+ Kh7 40. Nf8+ 1-0

[Event "IECG C1.1999.0.00251"]
[Site "IECG email"]
[Date "1999.12.23"]
[Round "?"]
[White "Vishin, Yuri"]
[Black "Trani, Francesco"]
[Result "0-1"]
[WhiteElo "2000"]
[BlackElo "1959"]
[PlyCount "76"]
[EventDate "1999.12.30"]
[EventType "tourn (corr)"]
[EventRounds "6"]
[SourceTitle "Corr 2008"]
[Source "ChessBase"]
[SourceDate "2008.06.24"]
[SourceVersion "1"]
[SourceVersionDate "2008.06.24"]
[SourceQuality "1"]

1. e4 c5 2. Nf3 d6 3. d4 cxd4 4. Nxd4 Nf6 5. Nc3 a6 6. Bg5 e6 7. f4 Qc7 8. Qf3 b5 9. a3 Nbd7 10. 0-0-0 Bb7 11. Bxf6 Nxf6 12. g4 d5 13. e5 Nd7 14. h4 b4 15. axb4 Bxb4 16. Rh3 0-0 17. Be2 Rfc8 18. Na2 Be7 19. Qf1 Nc5 20. Nc3 Rab8 21. Qf2 Qb6 22. f5 Ba8 23. b3 exf5 24. Qxf5 Ne6 25. Nxe6 fxe6 26. Qf4 Qa5 27. Qa4 Qc7 28. Qf4 Rb4 29. Qd2 d4 30. Na2 Be4 31. c4 dxc3 32. Qd7 Rb6 33. b4 Bxb4 34. Nxb4 Rxb4 35. Qxe6+ Kh8 36. Rhd3 Rb1+ 37. Kc2 Rb2+ 38. Kc1 Rcb8 0-1

[Event "IECG C1.1999.0.00251"]
[Site "IECG email"]
[Date "1999.12.22"]
[Round "?"]
[White "Bujdak, Pavol"]
[Black "Vishin, Yuri"]
[Result "1-0"]
[WhiteElo "1900"]
[BlackElo "2000"]
[PlyCount "90"]
[EventDate "1999.12.30"]
[EventType "tourn (corr)"]
[EventRounds "6"]
[SourceTitle "Corr 2008"]
[Source "ChessBase"]
[SourceDate "2008.06.24"]
[SourceVersion "1"]
[SourceVersionDate "2008.06.24"]
[SourceQuality "1"]

1. e4 e5 2. Nf3 Nc6 3. Bb5 a6 4. Ba4 Nf6 5. 0-0 Be7 6. Re1 b5 7. Bb3 0-0 8. c3 d5 9. exd5 Nxd5 10. Nxe5 Nxe5 11. Rxe5 c6 12. d4 Bd6 13. Re1 Qh4 14. g3 Qh3 15. Be3 Bg4 16. Qd3 Rae8 17. Nd2 Re6 18. a4 f5 19. Bg5 f4 20. Rxe6 fxg3 21. fxg3 Rf2 22. Re8+ Kf7 23. Bxd5+ cxd5 24. Kxf2 Qxh2+ 25. Ke3 Qxg3+ 26. Nf3 Qxf3+ 27. Kd2 Qxd3+ 28. Kxd3 Kxe8 29. axb5 axb5 30. Ra6 Bf8 31. Bf4 Be7 32. Bd6 Bh3 33. Bxe7 Kxe7 34. b3 g5 35. Rh6 Bf5+ 36. Ke3 Bc2 37. Kf3 Bxb3 38. Rxh7+ Kf6 39. Rh1 Kf5 40. Re1 Bc2 41. Re5+ Kf6 42. Rxd5 Bd3 43. Re5 Bc4 44. Kg3 Bf1 45. Kg4 Bc4 1-0